000 01325nam a22002897a 4500
999 _c117050
_d117050
003 dpl
005 20190218141356.0
008 190218b ||||| |||| 00| 0 eng d
010 _aA-959136,A-959163
020 _c125.00
_a8171350232
035 _aA-959136,A-959163
037 _bCen Lib/Ret
040 _aDPL
_bHN
_c0
082 _a
_bखांडेक
100 _aखांडेकर, वि.स
_969784
245 _aठंडी हवा तथा अन्य कहानियां /
_cवि.स. खांडेकर ; अनुवादक सुनील कुमार लवते
246 _aDhandi hawa tatha nya kahaniyan /
_bby V.S. Khandekar ; anuvadak Suneel Kumar Lavte
260 _aनई दिल्ली
_bविद्या प्रकाशन
_c1998
270 _a1981, दरयागंज
_bनई दिल्ली
_e110002
300 _a128पृ.
_c19सेमी (सजिल्द )
650 _aमराठी साहित्य
_x
_z
_969785
650 _aमराठी साहित्य
_v
_xकहानियां
_969786
650 _aMarathi literature
_930394
650 _aMarathi literature
_xstories
_969787
700 _aलवते, सुनील कुमार
_942923
942 _2ddc
_cHN
_h
_mखांडेक